Uzákonenie ochrany prírody na Slovensku
Základy ochrany prírody na Slovensku - z histórie. Prvý zákon o ochrane prírody a krajiny (1994-2002). Druhý zákon o ochrane prírody a krajiny (platný od roku 2002). Príprava zákona o krajine.
Salvato in:
| Autore principale: | |
|---|---|
| Natura: | Capitolo di libro |
| Lingua: | slovacco |
| Soggetti: | |
| Tags: |
Nessun Tag, puoi essere il primo ad aggiungerne!!
|
MARC
| LEADER | 00000naa a2200000 4500 | ||
|---|---|---|---|
| 001 | 0227140 | ||
| 005 | 20221019162824.6 | ||
| 041 | 0 | |a slo | |
| 044 | |a SK | ||
| 245 | 1 | 0 | |a Uzákonenie ochrany prírody na Slovensku |c Jozef Klinda |
| 520 | |a Základy ochrany prírody na Slovensku - z histórie. Prvý zákon o ochrane prírody a krajiny (1994-2002). Druhý zákon o ochrane prírody a krajiny (platný od roku 2002). Príprava zákona o krajine. | ||
| 610 | 2 | 0 | |a ochrana prírody |
| 610 | 2 | 0 | |a úpravy právne |
| 610 | 2 | 0 | |a Slovensko |
| 100 | 1 | |a Klinda, Jozef | |